000 00321nam a2200109Ia 4500
008 200302s9999 xx 000 0 und d
100 _aAdri van den brink and Others
245 _aResearch in landscape architecture methods and methodology
260 _bTaylor and Francis Group Publishing
260 _c2017
300 _a313
999 _c6502
_d6502